| 000 | 00790 a2200193 4500 | ||
|---|---|---|---|
| 020 | _a0471457760 | ||
| 040 |
_aDLC _bDLC |
||
| 082 | 0 | 0 | _a621.3824 |
| 100 | 1 | _aMilligan, Thomas A. | |
| 245 | 1 | 0 |
_aModern antenna design _cThomas A. Milligan. |
| 250 | _a2nd ed. | ||
| 260 |
_aHoboken, N.J. : _bIEEE Press : _bWiley-Interscience, _cc2005. |
||
| 300 |
_axvi, 614 p. : _bill. ; _c26 cm. |
||
| 650 | 0 |
_aAntennas (Electronics) _xDesign and construction. |
|
| 856 | 4 | 1 |
_3Table of contents only _uhttp://www.loc.gov/catdir/toc/wiley051/2004059098.html |
| 856 | 4 | 1 |
_3Contributor biographical information _uhttp://www.loc.gov/catdir/enhancements/fy0618/2004059098-b.html |
| 856 | 4 | 1 |
_3Publisher description _uhttp://www.loc.gov/catdir/enhancements/fy0618/2004059098-d.html |
| 942 |
_cBK _k621.3824 MIL _2ddc |
||
| 999 |
_c8552 _d8552 |
||